000 00500nam a2200193Ia 4500
003 GCL
008 140319s9999 xx 000 0 eng d
040 _aGCL /
_cGCL
082 0 4 _a843
_bB M
100 1 _aBEAUMARCHAIS
245 1 0 _aLE MARIAGE DE FIGARO : LA MERE COUPABLE /
_cBEAUMARCHAIS
700 1 _aLARTHOMAS, PIERRE
260 _a[S.N] :
_bGALLIMARD ،
_c1984
300 _a436
490 _aCOLLECTION FOLIO
_v0
650 0 4 _aLITERATURE
650 0 4 _aFRENCH LITERATURE
942 _2ddc
_cBK
999 _c25496
_d25496